000 01503nam a22003374a 4500
001 ebr10084830
003 CaPaEBR
006 m u
007 cr cn|||||||||
008 020605s2002 enk sb 001 0 eng
020 _z0195145321 (alk. paper)
040 _aCaPaEBR
_cCaPaEBR
035 _a(OCoLC)57365295
043 _an-us---
050 1 4 _aBR517
_b.M385 2002eb
082 0 4 _a261.8/0973/09034
_221
100 1 _aMcKanan, Dan,
_d1967-
245 1 0 _aIdentifying the image of God
_h[electronic resource] :
_bradical Christians and nonviolent power in the antebellum United States /
_cDan McKanan.
260 _aOxford ;
_aNew York :
_bOxford University Press,
_c2002.
300 _aviii, 294 p.
490 1 _aReligion in America series
504 _aIncludes bibliographical references (p. 257-279) and index.
533 _aElectronic reproduction.
_bPalo Alto, Calif. :
_cebrary,
_d2013.
_nAvailable via World Wide Web.
_nAccess may be limited to ebrary affiliated libraries.
650 0 _aChristian sociology
_zUnited States
_xHistory
_y19th century.
650 0 _aLiberalism (Religion)
_zUnited States
_xHistory
_y19th century.
650 0 _aImage of God
_xSocial aspects
_zUnited States
_xHistory
_y19th century.
655 7 _aElectronic books.
_2local
710 2 _aebrary, Inc.
830 0 _aReligion in America series (Oxford University Press)
856 4 0 _uhttp://site.ebrary.com/lib/rucke/Doc?id=10084830
_zAn electronic book accessible through the World Wide Web; click to view
999 _c66250
_d66250